1903 Tour de France Stage Towns - Statistics

General Stats
  • This quiz has been taken 106 times
  • The average score is 5 of 6
Answer Stats
Stage Start Finish Distance % Correct
Stage 1 Paris Lyon 467 km
100%
Stage 2 Lyon Marseille 374 km
95%
Stage 5 Bordeaux Nantes 425 km
87%
Stage 4 Toulouse Bordeaux 268 km
80%
Stage 6 Nantes Paris 471 km
77%
Stage 3 Marseille Toulouse 423 km
50%
No matching quizzes found
Score Distribution
Percent of People with Each Score
Percentile by Number Answered
Your Score History
You have not taken this quiz